| 000 | 02509cam a22003855a 4500 | ||
|---|---|---|---|
| 001 | L159501 | ||
| 008 | 090403s2009 xxk f f 000 0 eng d | ||
| 020 | _a9781842194744 | ||
| 035 | _a(Sirsi) u159501 | ||
| 041 | 0 | _adut | |
| 050 | 0 | 4 | _a333.332 $2 18 |
| 110 | 2 |
_aRoyal Institution of Chartered Surveyors _94900 |
|
| 240 | 0 | 0 | _aRed Book |
| 245 | 0 | 0 |
_aRICS-taxatiestandaarden Nederlandse editie or RICS valuation standards _bMaart 2009 [global edition] |
| 250 | _a6th ed. [Dutch edition] | ||
| 260 |
_aCoventry _bRICS _c2009 |
||
| 300 |
_ax, 113p. _c24cm. |
||
| 490 | 0 | _aRICS Guidance Note | |
| 490 | 0 | _aRICS Practice Statement | |
| 490 | 0 | _aRICS Valuation Information Paper | |
| 505 | 2 | _aIntroduction: Purpose of these standards -- International Valuation Standards -- Enforcement of these Standards -- How these standards are arranged -- Amendments and exposure drafts -- Effective date | |
| 505 | 2 | _aGlossary | |
| 505 | 2 | _aPractice statements: PS1 Compliance and ethical requirements -- PS2 Agreement of terms of engagement -- PS3 Basis of value -- PS4 Applications -- PS5 Investigations -- PS6 Valuation Reports | |
| 505 | 2 | _aGuidance notes: GN1 Trade related property valuations -- GN2 Plant and equipment -- GN3 Valuations of portfolios and groups of properties --GN4 Mineral-bearing land and waste management -- GN5 Valuation uncertainty -- GN6 European Directives and regulations relevant to valuation | |
| 505 | 2 | _aValuation information papers | |
| 505 | 2 | _aIndex | |
| 520 | _aDutch translation of the 6th edition - March 2009. | ||
| 520 | _aRICS Valuation Standards (The Red Book) is issued by RICS Valuation Faculty and contains mandatory rules and best practice guidance for all RICS members undertaking valuations services worldwide. The standards contained in this sixth edition are compliant with current International Valuation Standards, published by the International Valuation Standards Committee (IVSC). | ||
| 520 | _aThis is a global edition of the update of the sixth edition of the Red Book, which has been produced for promotional purposes. The UK Practice Statements and Guidance notes have been removed: for the full copy of RICS Valuation Standards, see E146786. Copies are held by the Library for archival purposes only and the publication should not be loaned out. | ||
| 650 | 2 | 4 | _aRICS VALUATION STANDARDS GLOBAL EDITION |
| 651 | 4 | _aInternational | |
| 690 | _aPROPERTY-PROPERTY APPRAISAL AND VALUATION | ||
| 942 | _n0 | ||
| 999 |
_c115960 _d115960 |
||
| 490 | _aRICS Red Book | ||